LEADER 03098nam 2200649Ia 450 001 9910452592303321 005 20200520144314.0 010 $a1-283-58108-6 010 $a9786613893536 010 $a0-19-162868-9 035 $a(CKB)2550000000105462 035 $a(EBL)990524 035 $a(OCoLC)801405062 035 $a(SSID)ssj0000686883 035 $a(PQKBManifestationID)12271282 035 $a(PQKBTitleCode)TC0000686883 035 $a(PQKBWorkID)10734457 035 $a(PQKB)11716311 035 $a(MiAaPQ)EBC990524 035 $a(Au-PeEL)EBL990524 035 $a(CaPaEBR)ebr10581550 035 $a(CaONFJC)MIL389353 035 $a(EXLCZ)992550000000105462 100 $a20120110d2011 uy 0 101 0 $aeng 135 $aur|n|---||||| 181 $ctxt 182 $cc 183 $acr 200 10$aAlzheimer's and other dementias$b[electronic resource] /$fJulian C. Hughes 205 $a1st ed. 210 $aOxford ;$aNew York $cOxford University Press$d2011 215 $a1 online resource (184 p.) 225 1 $aThe facts 300 $aDescription based upon print version of record. 311 $a0-19-959655-7 320 $aIncludes bibliographical references (p. 159-162) and index. 327 $aCover; Contents; 1 Setting the scene; 2 How the brain works; 3 Defining dementia; 4 Alzheimer's disease and mild cognitive impairment; 5 Vascular dementia; 6 Dementia with Lewy bodies; 7 Frontotemporal dementias; 8 Other dementias; 9 Assessment; 10 Social approaches to living with dementia; 11 Psychological approaches to management of dementia and depression; 12 Drug treatments; 13 Spiritual, palliative, and supportive care; 14 Challenges in caring; 15 Facts and values; Appendix 1 Useful websites; Appendix 2 Useful sources of reference and further reading; Index; A; B; C; D; E; F; G; H; I; K 327 $aLM; N; O; P; R; S; T; U; V; W; X 330 $aWith more people in the world living into older age, Alzheimer's and other Dementias: The Facts takes a comprehensive look at the spread of dementia, and provides authoritative information and practical advice for sufferers, their families, and the medical professionals who care for them.Written by a consultant in old age psychiatry, the book provides an overview of all the different types of dementia (including younger-onset dementias), from the most-recognized - Alzheimer's - to the less-frequent types, such as those caused by inherited metabolic disorders or HIV. The book guides the reader 410 0$aFacts (Oxford, England) 606 $aDementia$vPopular works 606 $aOlder people$xMental health 606 $aAging$xPsychological aspects 608 $aElectronic books. 615 0$aDementia 615 0$aOlder people$xMental health. 615 0$aAging$xPsychological aspects. 676 $a616.83 700 $aHughes$b Julian C$0923458 801 0$bMiAaPQ 801 1$bMiAaPQ 801 2$bMiAaPQ 906 $aBOOK 912 $a9910452592303321 996 $aAlzheimer's and other dementias$92072298 997 $aUNINA LEADER 01662nam 2200529 a 450 001 9910785278603321 005 20230422052046.0 010 $a1-282-63814-9 010 $a9786612638145 010 $a0-299-16393-8 035 $a(CKB)2670000000040806 035 $a(SSID)ssj0000417363 035 $a(PQKBManifestationID)11291435 035 $a(PQKBTitleCode)TC0000417363 035 $a(PQKBWorkID)10356330 035 $a(PQKB)10272364 035 $a(MiAaPQ)EBC3445016 035 $a(OCoLC)655742863 035 $a(MdBmJHUP)muse12137 035 $a(Au-PeEL)EBL3445016 035 $a(CaPaEBR)ebr10395910 035 $a(EXLCZ)992670000000040806 100 $a19990526d2000 uy 0 101 0 $aeng 135 $aurcn||||||||| 181 $ctxt 182 $cc 183 $acr 200 00$aExcluded ancestors, inventible traditions$b[electronic resource] $eessays toward a more inclusive history of anthropology /$fedited by Richard Handler 210 $aMadison $cUniversity of Wisconsin Press$dc2000 215 $aviii, 315 p. $cill 225 1 $aHistory of anthropology ;$vv. 9 300 $aBibliographic Level Mode of Issuance: Monograph 311 $a0-299-16390-3 320 $aIncludes bibliographical references and index. 410 0$aHistory of anthropology ;$vv. 9. 606 $aEthnology$xHistory 615 0$aEthnology$xHistory. 676 $a305.8/009 701 $aHandler$b Richard$f1950-$0446550 801 0$bMiAaPQ 801 1$bMiAaPQ 801 2$bMiAaPQ 906 $aBOOK 912 $a9910785278603321 996 $aExcluded ancestors, inventible traditions$93754024 997 $aUNINA